000 00467nam a2200181Ia 4500
005 20250625130336.0
008 008 250516s9999 xx 000 0 eng d
020 _a9789819930289
040 _beng
_cSDCL
041 _aeng
_2eng
084 _aB43 R3
100 _aKhanfer, Ammar
_9810209
245 0 _aFundamentals of functional analysis
260 _aSingapore :
_bSpringer,
_c2023.
300 _axix, 442p.
650 _aMathematics
942 _cTEXL
_2CC
999 _c1430776
_d1430776